[Event "Wloclawek-ch"]
[Site "Wloclawek"]
[Date "2019.??.??"]
[Round "3"]
[White "Szortyka, Krzysztof"]
[Black "Sliwa, Krzysztof"]
[Result "0-1"]
[WhiteElo "1000"]
[BlackElo "1110"]
[PlyCount "54"]
[EventDate "2019.09.??"]
[EventType "swiss"]
[EventRounds "9"]
[EventCountry "POL"]
[SourceTitle "EXT 2021"]
[Source "ChessBase"]
[SourceDate "2020.10.23"]
[SourceVersion "1"]
[SourceVersionDate "2020.10.23"]
[SourceQuality "1"]

1. e4 e5 2. Nf3 Nc6 3. d3 Bc5 4. Nc3 d6 5. Ng5 h6 6. Nf3 Nf6 7. Nh4 Ng4 8. Be3 Nxe3 9. Qd2 Nxf1 10. Rxf1 Qxh4 11. Rh1 Bb4 12. g3 Bxc3 13. bxc3 Qf6 14. c4 Nd4 15. c3 Nf3+ 16. Ke2 Nxd2 17. Kxd2 Qxf2+ 18. Kd1 Bg4+ 19. Kc1 Qe3+ 20. Kc2 Be2 21. Rhe1 Qxd3+ 22. Kb2 Qxc4 23. Rac1 a5 24. Rc2 Bd3 25. Re3 Ra6 26. Rd2 Rb6+ 27. Kc1 Rb1# 0-1

[Event "Rostock SSC 07 op 11th"]
[Site "Rostock"]
[Date "2012.08.03"]
[Round "4"]
[White "Szortyka, Krzysztof"]
[Black "Schamber, Dennis"]
[Result "1-0"]
[WhiteElo "1721"]
[BlackElo "1297"]
[PlyCount "93"]
[EventDate "2012.08.01"]
[EventType "swiss"]
[EventRounds "7"]
[EventCountry "GER"]
[SourceTitle "EXT 2017"]
[Source "ChessBase"]
[SourceDate "2016.10.25"]
[SourceVersion "1"]
[SourceVersionDate "2016.10.25"]
[SourceQuality "1"]

1. e4 c5 2. Nf3 d6 3. c3 Nf6 4. Be2 e6 5. 0-0 Be7 6. e5 dxe5 7. Nxe5 0-0 8. Bc4 a6 9. d4 cxd4 10. cxd4 b5 11. Bb3 Bb7 12. Nc3 Nc6 13. Be3 Bd6 14. f4 Nb4 15. f5 Nbd5 16. Bg5 Bxe5 17. dxe5 Qb6+ 18. Kh1 Nd7 19. fxe6 fxe6 20. Nxd5 Rxf1+ 21. Qxf1 Bxd5 22. Bxd5 exd5 23. Qf5 Nc5 24. Be3 Qe6 25. Qf4 Nd3 26. Qd4 Nxe5 27. Bd2 Nc6 28. Qb6 Nd4 29. Qxd4 Rf8 30. Bc3 Rf7 31. h3 Qd6 32. Re1 h6 33. Rd1 Rd7 34. Rf1 Rc7 35. a3 Qc5 36. Rf3 Qd6 37. Qe5 Qc5 38. Rg3 Qe7 39. Qxd5+ Kf8 40. Rf3+ Ke8 41. Qg8+ Kd7 42. Rf7 Kc6 43. Rxe7 Rxe7 44. Bxg7 Re1+ 45. Kh2 a5 46. Bxh6 Rb1 47. Qg6+ 1-0

[Event "Chojnice op-B 6th"]
[Site "Chojnice"]
[Date "2010.07.12"]
[Round "4.9"]
[White "Szortyka, Krzysztof"]
[Black "Grajczak, Adrian"]
[Result "0-1"]
[WhiteElo "1740"]
[BlackElo "1997"]
[PlyCount "60"]
[EventDate "2010.07.08"]
[EventType "swiss"]
[EventRounds "9"]
[EventCountry "POL"]
[SourceTitle "EXT 2023"]
[Source "ChessBase"]
[SourceDate "2022.10.05"]
[SourceVersion "1"]
[SourceVersionDate "2022.10.05"]
[SourceQuality "1"]

1. e4 d6 2. f4 c5 3. Nf3 Nc6 4. Bc4 e6 5. 0-0 g6 6. d4 cxd4 7. Nxd4 Qb6 8. Be3 Qb4 9. Bb3 Nf6 10. Nc3 a6 11. a3 Qa5 12. Qf3 Qh5 13. f5 Qxf3 14. Rxf3 gxf5 15. exf5 e5 16. Nde2 Ne7 17. Bg5 Nd7 18. Rd1 Rg8 19. Bh4 Rg4 20. g3 b5 21. Rxd6 e4 22. Rf2 Bb7 23. h3 Rxh4 24. gxh4 Ne5 25. Rf4 Ng8 26. Rb6 Bc5+ 27. Kf1 Bxb6 28. Nxe4 0-0-0 29. N2c3 Be3 30. Rf2 Bxf2 0-1